000 00236nam a2200097Ia 4500
008 240331s9999 xx 000 0 und d
082 _bSIV
100 _aSivakumaran, K.S
245 0 _aInthiya ilankai ilakkiyam :
_boru kannoddam
942 _cL
999 _c3626
_d3626